|
|
|
|
| LEADER |
01051nam a2200277 a 4500 |
| 001 |
21598 |
| 003 |
BD-DhAAL |
| 008 |
101214s2011 nyua b 001 0 eng d |
| 999 |
|
|
|c 10215
|d 10215
|
| 010 |
|
|
|a 2009040831
|
| 020 |
|
|
|a 9780071289429
|
| 020 |
|
|
|a 9780073191461 (alk. paper)
|
| 040 |
|
|
|a DLC
|c DLC
|d DLC
|d BD-DhAAL
|
| 082 |
0 |
0 |
|a 511.35
|2 22
|
| 100 |
1 |
|
|a Martin, John C.
|9 40004
|
| 245 |
1 |
0 |
|a Introduction to languages and the theory of computation /
|c John C. Martin.
|
| 250 |
|
|
|a Fourth edition
|
| 260 |
|
|
|a New York, NY :
|b McGraw-Hill,
|c c2011.
|
| 300 |
|
|
|a xii, 436 pages :
|b illustrations ;
|c 24 cm.
|
| 504 |
|
|
|a Includes bibliographical references (pages 425-426) and index.
|
| 541 |
1 |
|
|e 00021598
|
| 650 |
|
0 |
|a Sequential machine theory.
|9 40005
|
| 650 |
|
0 |
|a Computable functions.
|9 40006
|
| 852 |
4 |
|
|a Ayesha Abed Library
|c General Stacks
|
| 942 |
|
|
|2 ddc
|c BK
|
| 952 |
|
|
|0 0
|1 0
|2 ddc
|4 0
|6 511_350000000000000_MAR
|7 0
|9 13627
|a BRACUL
|b BRACUL
|c GEN
|d 2010-12-14
|e TRIM EDUCATION
|l 8
|m 79
|o 511.35 MAR
|p 3010021598
|r 2025-01-20
|s 2024-10-30
|t 1
|w 2010-12-14
|y BK
|